000 00461nam a2200157Ia 4500
008 140529s9999 xx 000 0 und d
050 _aPZ 8
_b.L48 1956
100 _aLewis, C. S.
245 4 _aThe last battle /
_cC. S. Lewis ; illustrated by Pauline Baynes
260 _aNew York :
_bScholastic Inc.,
_cc1956.
300 _a211 p. :
_bill. ;
_c20 cm.
440 _a(The Chronicles of Narnia : Bk 7).
521 _aGE
942 _kFOR
_cBK
999 _c117772
_d117772